Co-operation / (Record no. 2100)
[ view plain ]
| 000 -LEADER | |
|---|---|
| fixed length control field | 00377cam a2200145ua 4500 |
| 041 ## - LANGUAGE CODE | |
| Language code of text/sound track or separate title | eng |
| 082 ## - DEWEY DECIMAL CLASSIFICATION NUMBER | |
| Classification number | 334 |
| Item number | JAW/CO |
| 100 ## - MAIN ENTRY--AUTHOR NAME | |
| Personal name | Jawaharlal , Nehru . |
| 245 ## - TITLE STATEMENT | |
| Title | Co-operation / |
| 260 ## - PUBLICATION, DISTRIBUTION, ETC. (IMPRINT) | |
| Place of publication | : |
| Name of publisher | Ministry of community development, Panchayati raj , |
| Year of publication | 1962. |
| 300 ## - PHYSICAL DESCRIPTION | |
| Number of Pages | 63 ; . |
| 942 ## - ADDED ENTRY ELEMENTS (KOHA) | |
| Koha item type | Books |
| Withdrawn status | Lost status | Damaged status | Home library | Current library | Date acquired | Full call number | Accession Number | Koha item type |
|---|---|---|---|---|---|---|---|---|
| Withdrawn | KAUAET | Kelappaji | 07/04/2012 | 334 | 5840 | Books |
